Quizzes
Events
Quiz Creation
Community
Videos
Private Events
Remove Ads
Sign In
Join for FREE
Feedback
Dark Mode
Quiz Categories
Sports
Geography
Music
Movies
Television
Just For Fun
Miscellaneous
History
Literature
Language
Science
Gaming
Entertainment
Religion
Holiday
For Kids
Quiz Lab
Recent
Popular Today
Quiz Kudos Today
Editor Picks
Curator Picks
Quizzes by...
Day
Popularity
Type
Ratings
Length
Year
Community
Subscriptions
Recent Discussions
Orange Saloon
Badges
Playlists
Quests
Create
Leaderboards
Showdown
Live 5
Trivia Bingo
Activity
Puzzle Library
Sporcle Events
Private Events
Virtual Trivia
Globe League
Become a Host
Pub Owners
SporcleCon
Opinionation
Our Games
Videos
Blog
Mobile Apps
Partnerships
Remove Ads and Go Orange
Feedback
Miscellaneous
Crossword
General Knowledge
Baby Names
Logo
Food
Cars
Numbers
Grab Bag
University
College
Popular
Company
Slogans
Restaurants
Justice
Letter
Miscellaneous
Crossword
General Knowledge
Baby Names
Logo
Food
Cars
Numbers
Grab Bag
University
College
Popular
Company
Slogans
Restaurants
Justice
Letter
Random Quiz
Search Sporcle
×
Quiz Lab
Quiz Lab
Miscellaneous
Development
Type in answers that appear in a list
Type in answers that appear in a list
Classic
Best Score? Go Orange.
Faith Development Stage 3 Stats
Can you name the Faith Development Stage 3?
By
country_girl08
7m
10 Questions
3 Plays
3 Plays
3 Plays
Comments
Comments
Give Quiz Kudos
Give Quiz Kudos
-
- Ratings
hide this ad
Replay
Link that replays current quiz
Next Quiz
Link to next quiz in quiz playlist
You Got
0%
They Got
Avg Score
16%
Avg Friend Score
Upgrade to see
Score Distribution
Jump to the score distribution portion of the page
Score
0/10
Timer
07:00
0
Plays Today
Question
% Correct
At what age may this stage first appear?
11
100%
Relationships with _
_
_
_
_
_
and others outside of family become important in faith development.
peers
33.3%
The person's beliefs are largely based on the views of _
_
_
_
_
_
_
that the individual respects.
people
33.3%
What stage of cognitive development is necessary?
formal operational
0%
What has Fowler titled the third stage?
Synthetic-Conventional
0%
In terms of identity development, the person has committed to a view with a minimal amount of _
_
_
_
_
_
_
_
_
_
_
_
.
exploration
0%
This stage puts a large emphasis on _
_
_
_
_
_
_
_
_
_
_
_
with signifcants others in a person's life.
relationships
0%
God is viewed more as a close _
_
_
_
_
_
_
_
and less as a distant judge.
friend
0%
Stage three typically arises in _
_
_
_
_
_
_
_
_
_
and may last through adulthood.
adolesence
0%
A stage three individual maybe transition ahead to stage four if they have an _
_
_
_
_
_
_
_
_
_
that leads to critical reflection on thier beliefs.
experience
0%
Quiz Playlist
Details
Report
Send in Message
Add To Playlist
Classic:
Type in answers that appear in a list
Last Updated: Feb 16, 2017
Quiz Scoreboard
CHALLENGE
Sign Up to Join the Scoreboard
Show All
Scores
Hide
Comments
May contain spoilers
Recently Published
NBA Finals Game Top Scorers (2010s)
by flibbidy
Sports
5m
Guess the 'R' Things in 3 Words
by MSUKent
Miscellaneous
3m
Actor to Badly Drawn Movie III
by MoMosMoProblems
Movies
5m
More to Explore
Quiz From the Vault
Featured Blog Post
Where Does Lost Luggage Go?
hide this ad
You Might Also Like...
Tags
Development
faith
stage
Today's Top Quizzes in Miscellaneous
Browse Miscellaneous
hide this ad
Today's Top Quizzes in Development
Browse Development
Top Contributed Quizzes in Miscellaneous
1
The JOE quick-fire general knowledge quiz: Day 166
2
The JOE quick-fire general knowledge quiz: Day 165
3
Guess the 'S' Things in 3 Words
4
Guess the 'T' Things in 3 Words
5
Guess the 'V' Things in 3 Words
6
Guess the 'W' Things in 3 Words
7
Guess the 'Y' Things in 3 Words
8
Sporcle Acrostic Puzzle XXXV
9
The JOE quick-fire general knowledge quiz: Day 164
10
Sunday Crossword: Under the Bridge
Explore More
Trending Topics
Disney
Anime
Kpop
Harry Potter
Marvel
NBA
Crossword
Pokémon
Song
Country
The Office
NFL
Puzzle
Soccer
WWE
hide this ad
More By:
country_girl08
Quiz
Plays
Rating
Category
Featured
Created
Faith Development Stage 3
3
Miscellaneous
Apr 15, 2011
Go to Creator's Profile
Score Distribution
Quiz Creator Spotlight
country_girl08
Follow
Send a Message
Quizzes Created
-
Created Quiz Play Count
-
More By This Creator
Popular Quizzes Today
1
Find the US States - No Outlines Minefield
2
Find the US States
3
The Countries of the World
4
10 Largest US States in Order
5
Find the Countries of Europe - No Outlines Minefield
6
US States
7
Guess the 'R' Things in 3 Words
8
NBA Finals Game Top Scorers (2010s)
More Miscellaneous Quizzes
Guess the airliner
Quiz Lab
Trending Quizzes
First Name TV: Leading Men
Match the Book to the Film II
First Name TV: Leading Women Drama
Pick A Pair: Religious TV
Match the Book to the Film VI
Recently Updated
Women's Final Four Teams by Year
bhenderson79
Presidents Quartet II
eogle
Anything But Clue(do)
eogle
Anything But Oceanian Capitals
eogle
Anything But 7
eogle
Anything But Thing
eogle
Word Ladder: February 29
pecheneg
Song Title Questions
pecheneg
Women's NCAA Tournament #1 Seeds
pecheneg
Celebrity Mug Shots
pecheneg
Trending Topics
Crossword
Anime
Disney
Kpop
NBA
Marvel
Harry Potter
The Office
Song
Country
Puzzle
WWE
Soccer
NFL
Pokémon
Your Account Isn't Verified!
In order to create a playlist on Sporcle, you need to verify the email address you used during registration. Go to your
Sporcle Settings
to finish the process.
Report this User
Report this user for behavior that violates our
Community Guidelines
.
Details:
Send Report
Go to the Sporcle.com Mobile Site →
Comments